Ohodnocovanie pohľadávok

Salvato in:
Dettagli Bibliografici
Autore principale: Harumová, Anna, 1955-
Natura: Libro
Lingua:slovacco
Pubblicazione: Bratislava IURA EDITION 2002
Serie:Ekonómia
Soggetti:
Tags: Aggiungi Tag
Nessun Tag, puoi essere il primo ad aggiungerne!!

MARC

LEADER 00000nam a2200000 4500
001 c140518
005 20240502071323.6
020 |a 80-89047-45-9 
041 0 |a slo 
044 |a SK 
245 1 0 |a Ohodnocovanie pohľadávok  |c Anna Harumová 
264 1 |a Bratislava  |b IURA EDITION  |c 2002 
300 |a 237 s. 
490 1 |a Ekonómia 
830 0 |a Ekonómia 
610 2 0 |a pohľadávky 
610 2 0 |a oceňovanie 
610 2 0 |a majetok 
610 2 0 |a dane 
610 2 0 |a dlžníci 
610 2 0 |a analýza finančná 
610 2 0 |a metódy 
610 2 0 |a podnik 
610 2 0 |a posudky znalecké 
610 2 0 |a normy právne 
610 2 0 |a hodnota podniku 
610 2 0 |a hodnota nehnuteľností 
610 2 0 |a smernice 
610 2 0 |a zákony 
610 2 0 |a Slovensko 
100 1 |a Harumová, Anna, 1955-